000 01325cab a22002295a 4500
001 L153276
008 110704e20110701xxk 000 0 eng d
035 _a(Sirsi) u153276
041 0 _aeng
100 1 _aWatson, Stuart
245 0 0 _aMarkets
_bSouth Wales
260 _c2011
490 0 _aProperty Week
_v77(26) 1 July 2011, 43-48(5)
520 _aInsurer Admiral Group has taken 100 000 sq ft of office space in Cardiff, Swansea and Newport. Developer JR Smart is to commence work this month on a 76 000 sq ft speculative office building in Cardiff's Capital Quarter. Wales indicates that it will follow England in introducing a presumption in favour of sustainable development. St Modwen and Persimmon to construct residential developments in Newport and Neath. Queensberry Real Estate, the purchaser of the stalled Modus shopping centre at Friar's Walk in Newport hasunveiled its revival plans. Hansteen has lowered vacancy rates and sold assets at its Cardiff's Treforest industrial estate.
590 _aKA
651 4 _aSouth Wales
690 _aPROPERTY-RESIDENTIAL PROPERTY-RESIDENTIAL PROPERTY MARKET
690 _aPROPERTY-COMMERCIAL PROPERTY-COMMERCIAL PROPERTY MARKET
690 _aPROPERTY-COMMERCIAL PROPERTY-COMMERCIAL PROPERTY FINANCE AND INVESTMENT
700 1 _aBerman, Rodney
942 _n0
999 _c83250
_d83250